000
00299nam a2200109 4500
999
_c
14075
_d
14075
008
190731b ||||| |||| 00| 0 eng d
245
_a
DA: NFA to focus on buffer stocking.
260
_a
Davao City:
_b
Sun Star Davao;
_c
c2019.
300
_a
page 5.
650
0
_9
39089
_a
Agriculture.
942
_2
ddc
_c
PER